00734nam a22001817a 4500008004100000020001800041050002500059100002200084245016100106260003100267300003300298504005100331650001800382650005400400650004100454700003200495700002500527250403b |||||||| |||| 00| 0 eng d a9798868804724 aJF1525 .A8bP85 2024 aPulapaka Sanjeev  aEmpowering the Public Sector with Generative AI: bFrom Strategy and Design to Real-World Applications / cSanjeev Pulapaka, Srinath Godavarthi, Sherry Ding a New York :bApress,c2024 axxii, 309 p. :bill. ;c23cm a Includes bibliographical references and index aGenerative AI aPublic administration xTechnological innovations aArtificial Intelligence Applications aGodavarthi Srinath eAuthor a Ding SherryeAuthor